01377naa a22003737a 4500001001000000003000900010005001700019007000300036008003400039040005400073041000900127072003600136090001800172100002000190100001900210100002000229100001800249100002000267100001900287100002100306245009300327260004000420500013000460650001200590650001400602650001100616650001500627650001500642773012900657909003600786942001400822999001900836952014800855BR8206220BR-BrBNA20240918175210.0ta230509b bl.||||| |||| 00| 0 por d aBR-BrBNAbporcBiblioteca Nacional de Agricultura a(Pt) aF00; F60; P05b1410b3575bG514 aF00 BR82062201 aBorba, C. da S.1 aOsorio, C.A.S.1 aMoreira, S.I.P.1 aVilhena, M.T.1 aAndrade, R.N.B.1 aOliveira, M.R.1 aAntoniolli, Z.I.1 aIrradiacao de sementes de feijao (Phaseolus vulgaris L.)com raios gama do Co 60 [Brasil]3 aPorto Alegre, RS (Brasil): c1982.  aUso de radioisotopos na agricultura. Resultados experimentais 1982 Porto Alegre, RS (Brasil): 1982. p. 1-9 (BR8206220-AM)F00  aSEMENTE aRAIO GAMA aFEIJAO aRENDIMENTO aEMERGENCIA0 tUso de radioisotopos na agricultura. Resultados experimentais 1982bwF00 BR8206220gPorto Alegre, RS (Brasil), 1982. p. 1-9 a202404bLuciac55dLucia Elande cAM2AGRIS c315537d315537 002AGRIS40708Acervo Gerala41918b41918cAgrobasel0oF00 BR8206219r2024-05-20t01yAM10d2024-04-11ePortaria Interministerial nÂș 164/94